Convivir con el Turrialba y sus amenazas (Registro nro. 11228)
[ vista simple ]
| 000 -LEADER | |
|---|---|
| fixed length control field | 00629nam a2200229 4500 |
| 005 - DATE AND TIME OF LATEST TRANSACTION | |
| control field | 20181003111039.0 |
| 008 - FIXED-LENGTH DATA ELEMENTS--GENERAL INFORMATION | |
| fixed length control field | 181003b xxu||||| |||| 00| 0 spa d |
| 020 ## - INTERNATIONAL STANDARD BOOK NUMBER | |
| International Standard Book Number | 22154515 |
| 041 ## - LANGUAGE CODE | |
| Language code of text/sound track or separate title | spa |
| 082 ## - DEWEY DECIMAL CLASSIFICATION NUMBER | |
| Classification number | Cartago Mío Vol 3, N° 33, 2018 |
| 100 ## - MAIN ENTRY--PERSONAL NAME | |
| Personal name | Soto, Gerardo |
| 245 ## - TITLE STATEMENT | |
| Title | Convivir con el Turrialba y sus amenazas |
| 260 ## - PUBLICATION, DISTRIBUTION, ETC. | |
| Place of publication, distribution, etc. | Cartago Mío |
| 260 ## - PUBLICATION, DISTRIBUTION, ETC. | |
| Name of publisher, distributor, etc. | Fractal21 |
| 260 ## - PUBLICATION, DISTRIBUTION, ETC. | |
| Date of publication, distribution, etc. | 2018 |
| 300 ## - PHYSICAL DESCRIPTION | |
| Extent | 1 página |
| 650 ## - SUBJECT ADDED ENTRY--TOPICAL TERM | |
| Topical term or geographic name entry element | COSTA RICA |
| 9 (RLIN) | 50104 |
| 650 ## - SUBJECT ADDED ENTRY--TOPICAL TERM | |
| Topical term or geographic name entry element | VOLCÁN TURRIALBA |
| 9 (RLIN) | 1726 |
| 650 ## - SUBJECT ADDED ENTRY--TOPICAL TERM | |
| Topical term or geographic name entry element | CARTAGO |
| 9 (RLIN) | 1052 |
| 773 0# - HOST ITEM ENTRY | |
| Host Biblionumber | 8648 |
| Host Itemnumber | 32133 |
| Main entry heading | |
| Edition | |
| Place, publisher, and date of publication | Costa Rica 2016 |
| Other item identifier | CM18173 |
| Title | Cartago Mío |
| Record control number | |
| International Standard Serial Number | |
| International Standard Book Number | |
| 942 ## - ADDED ENTRY ELEMENTS (KOHA) | |
| Koha item type | Revista |
No hay ítems disponibles.